000 00564cam a2200145 4500500
005 20260208003718.0
041 _afre
042 _adc
100 1 0 _aHusson, Suzanne
_eauthor
245 0 0 _aM.-A. Zagdoun, La philosophie stoïcienne de l’art, Paris, CNRS Éditions, coll. « CNRS Philosophie », 2000, 309 p.
260 _c2005.
500 _a7
786 0 _nLes Études philosophiques | 72 | 1 | 2005-03-01 | p. 117v-142v | 0014-2166
856 4 1 _uhttps://shs.cairn.info/revue-les-etudes-philosophiques-2005-1-page-117v?lang=fr&redirect-ssocas=7080
999 _c1648612
_d1648612